| 000 | 00619nam a22001817a 4500 | ||
|---|---|---|---|
| 999 |
_c13848 _d13848 |
||
| 003 | AR-CdUCM | ||
| 008 | 190416b ||||| |||| 00| 0 spa d | ||
| 040 |
_aMUNICIPALIDAD PROVINCIAL DEL CUSCO _cBIBLIOTECA MUNICIPAL DEL CUSCO |
||
| 082 |
_aC / 869.521 / _bY84 |
||
| 100 |
_aYepez Miranda, Alfredo _94230 |
||
| 245 | _aGarcilaso un cusqueño ilustre / | ||
| 260 |
_aCusco : _bH. G. Rozas, _c1966. |
||
| 300 |
_a15 páginas ; _c21 cm. |
||
| 505 | _aAmanecer del mestizo peruano --El proscrito espiritual --El quipucamayoc -- | ||
| 650 |
_aGarcilaso de la Vega. _961 |
||
| 942 |
_2ddc _cLIBROS |
||
| 945 |
_awfj _d2019-04-16 |
||